Tuổi trẻ Sài Gòn Mậu Thân 1968

Kaydedildi:
Detaylı Bibliyografya
Materyal Türü: Kitap
Dil:Undetermined
Baskı/Yayın Bilgisi: Thành phố Hồ Chí Minh Trẻ 2003
Konular:
Etiketler: Etiketle
Etiket eklenmemiş, İlk siz ekleyin!
Thư viện lưu trữ: Trung tâm Học liệu Trường Đại học Cần Thơ
LEADER 00544nam a2200193Ia 4500
001 CTU_56714
008 210402s9999 xx 000 0 und d
020 |c 35000 
082 |a 895.9228 
082 |b T515 
245 0 |a Tuổi trẻ Sài Gòn Mậu Thân 1968 
245 0 |c Nhiều tác giả 
260 |a Thành phố Hồ Chí Minh 
260 |b Trẻ 
260 |c 2003 
650 |a Short stories, Vietnamese 
650 |y 20th century 
904 |i Trong Hieu 
980 |a Trung tâm Học liệu Trường Đại học Cần Thơ